| 000 | 00360nam a2200133Ia 4500 | ||
|---|---|---|---|
| 008 | 150201s2010 xx 000 0 und d | ||
| 082 |
_a5.1 _bTAN |
||
| 100 | _aAndrew S. Tanenbaum | ||
| 245 | _aStructures computer organization | ||
| 250 | _a4th Ed. | ||
| 260 |
_bPrentice Hall of India Private Limted _aNew Delhi _c2010 |
||
| 300 | _a777p. | ||
| 942 |
_2ddc _cBK _01 |
||
| 999 |
_c5167 _d5167 |
||